[Event "Grand Pacific Open 10th annual"]
[Site "?"]
[Date "2016.03.28"]
[Round "6.3"]
[White "Gentes, Kevin"]
[Black "Doknjas, John"]
[Result "1-0"]
[WhiteElo "2347"]
[BlackElo "2265"]
[PlyCount "109"]
[EventDate "2016.03.28"]

1. Nf3 c5 2. g3 Nc6 3. Bg2 g6 4. c3 Bg7 5. d4 cxd4 6. cxd4 d5 7. Nc3 e6 8. Bf4
Nge7 9. Qd2 Nf5 10. Nb5 O-O 11. g4 Nfxd4 12. Nfxd4 Nxd4 13. Nxd4 e5 14. Be3
exd4 15. Bxd4 Bxd4 16. Qxd4 Re8 17. Bf3 Qa5+ 18. Qd2 Qb5 19. h4 Be6 20. h5 Rac8
21. b3 a5 22. h6 Qb4 23. g5 Qxd2+ 24. Kxd2 Rc5 25. Rac1 b6 26. Rh4 Rec8 27.
Rxc5 Rxc5 28. b4 Rc7 29. Rd4 f6 30. bxa5 bxa5 31. Bxd5 Kf7 32. f4 fxg5 33. fxg5
Rc5 34. e4 Ke7 35. Ke3 Kd6 36. Bb3+ Ke5 37. Bxe6 Kxe6 38. Kf4 Rc2 39. Ra4 Rc5
40. Rd4 Rc2 41. Ra4 Rc5 42. a3 Rb5 43. Rc4 Rb7 44. Rc5 Ra7 45. Rc6+ Kd7 46. Rf6
Ke7 47. a4 Ra8 48. Ke5 Ra7 49. Rb6 Kf7 50. Kd6 Re7 51. Kd5 Rd7+ 52. Rd6 Rb7 53.
Ra6 Rd7+ 54. Ke5 Re7+ 55. Kf4 1-0

[Event "Grand Pacific Open 10th annual"]
[Site "?"]
[Date "2016.03.28"]
[Round "6.4"]
[White "McLaren, Brian"]
[Black "Sohal, Tanraj"]
[Result "1/2-1/2"]
[WhiteElo "2397"]
[BlackElo "2097"]
[PlyCount "112"]
[EventDate "2016.03.28"]

1. e4 c5 2. Nc3 Nc6 3. g3 g6 4. Bg2 Bg7 5. d3 Rb8 6. Nh3 h5 7. O-O d6 8. Be3
Nh6 9. f3 Nd4 10. Nd5 e6 11. Ndf4 b5 12. c3 Nc6 13. Qd2 b4 14. Rfc1 Qa5 15. Nf2
bxc3 16. bxc3 Ng8 17. Ne2 Nge7 18. f4 d5 19. d4 c4 20. Rab1 Rxb1 21. Rxb1 f5
22. e5 Bd7 23. Qc2 Nd8 24. Bc1 Nc8 25. Kf1 Bf8 26. Ng1 Nb6 27. Nf3 Be7 28. Ke2
Ba4 29. Qd2 Bd7 30. Qc2 Nc6 31. h3 Nd8 32. Bf1 Na4 33. Bb2 Nxb2 34. Rxb2 Ba4
35. Qd2 Nc6 36. Ke3 Bd8 37. Be2 Qc7 38. h4 Be7 39. Nh3 Nd8 40. Nfg5 Bd7 41. Qc2
Ba3 42. Rb1 Ke7 43. Bd1 a6 44. Ng1 Bb5 45. Ne2 Nc6 46. Qd2 Qa5 47. Qc2 Rb8 48.
Kf2 Rh8 49. Ke3 Rb8 50. Qd2 Rh8 51. Qc2 Qd8 52. Qd2 Qd7 53. Qc2 Nd8 54. Qd2 Nc6
55. Qc2 Nd8 56. Qd2 Nc6 1/2-1/2

[Event "Grand Pacific Open 10th annual"]
[Site "?"]
[Date "2016.03.28"]
[Round "6.6"]
[White "Morozov, Grigoriy"]
[Black "Roback, Joe"]
[Result "1-0"]
[WhiteElo "2376"]
[BlackElo "2032"]
[PlyCount "73"]
[EventDate "2016.03.28"]

1. d4 Nf6 2. c4 c5 3. d5 e6 4. Nc3 exd5 5. cxd5 d6 6. e4 g6 7. Be2 Bg7 8. Nf3
O-O 9. O-O Bg4 10. Bf4 a6 11. a4 Re8 12. Nd2 Bxe2 13. Qxe2 Nh5 14. Be3 Nd7 15.
f4 f5 16. g4 Nhf6 17. gxf5 gxf5 18. exf5 Kh8 19. Rae1 b5 20. axb5 axb5 21. Qxb5
Rb8 22. Qd3 Ng4 23. Nf3 Rxb2 24. Ne4 Qe7 25. Bc1 Rbb8 26. Bd2 Qf8 27. Ng3 Ndf6
28. Ng5 Nh6 29. Ne6 Qf7 30. Bc3 Rg8 31. Rb1 Rxb1 32. Rxb1 Ne8 33. Nxg7 Nxg7 34.
Re1 Rd8 35. Re6 Ng8 36. Qe2 Rd7 37. f6 1-0

[Event "Grand Pacific Open 10th annual"]
[Site "?"]
[Date "2016.03.28"]
[Round "6.7"]
[White "Murray, Mike"]
[Black "Ross, Paul"]
[Result "1/2-1/2"]
[WhiteElo "2098"]
[BlackElo "2348"]
[PlyCount "31"]
[EventDate "2016.03.28"]

1. e4 e6 2. d4 d5 3. Nc3 Nf6 4. exd5 exd5 5. Bd3 Be7 6. Nce2 Bg4 7. f3 Bh5 8.
Ng3 Bg6 9. N1e2 Qd7 10. c3 c5 11. Qc2 Nc6 12. Be3 cxd4 13. Nxd4 Ne5 14. Bf5
Bxf5 15. Ngxf5 O-O 16. Nxe7+ 1/2-1/2

[Event "Grand Pacific Open 10th annual"]
[Site "?"]
[Date "2016.03.28"]
[Round "6.9"]
[White "Kenney, Jason"]
[Black "Both, Aaron"]
[Result "0-1"]
[WhiteElo "2241"]
[BlackElo "1956"]
[PlyCount "58"]
[EventDate "2016.03.28"]

1. d4 Nc6 2. Nf3 d5 3. c4 Bg4 4. cxd5 Bxf3 5. gxf3 Qxd5 6. e3 e5 7. Nc3 Bb4 8.
Bd2 Bxc3 9. bxc3 exd4 10. cxd4 Nf6 11. Bg2 O-O 12. O-O Qh5 13. f4 Qh4 14. Qf3
Rfe8 15. Qg3 Qh5 16. Rfc1 Ne4 17. Bxe4 Rxe4 18. Rc5 Qe2 19. Bc3 Ne7 20. Kh1 c6
21. Rg5 g6 22. d5 Nxd5 23. Re1 Qxa2 24. Be5 Nb4 25. f5 Qd5 26. f6 Rxe5+ 27. e4
Qd2 28. f4 Nd3 29. Rf1 Qe2 0-1

[Event "Grand Pacific Open 10th annual"]
[Site "?"]
[Date "2016.03.28"]
[Round "6.10"]
[White "North, Robert"]
[Black "Moore, Harry"]
[Result "1-0"]
[WhiteElo "2029"]
[BlackElo "2207"]
[PlyCount "91"]
[EventDate "2016.03.28"]

1. d4 Nf6 2. c4 c5 3. d5 e6 4. Nc3 exd5 5. cxd5 d6 6. g3 g6 7. Bg2 Bg7 8. Nf3
O-O 9. O-O Re8 10. Nd2 a6 11. a4 Nbd7 12. e4 Rb8 13. a5 Ne5 14. Qc2 b5 15. axb6
Rxb6 16. h3 Nh5 17. Kh2 f5 18. f4 Rb4 19. Ne2 Nf7 20. Nc4 Nf6 21. Bd2 Nxd5 22.
exd5 Rxe2 23. Qd3 Rxd2 24. Nxd2 Bd7 25. Rfe1 g5 26. Re6 gxf4 27. gxf4 Qh4 28.
Qg3 Qxg3+ 29. Kxg3 Rxb2 30. Rd1 Ba4 31. Ra1 Bb5 32. Rd1 c4 33. Bf1 c3 34. Bxb5
axb5 35. Re8+ Bf8 36. Rg1 Nh6 37. Nf3 c2 38. Rc8 b4 39. Kh4+ Ng4 40. hxg4 h6
41. Re1 fxg4 42. Nd4 b3 43. Ree8 Kg7 44. Rxf8 c1=Q 45. Ne6+ Kg6 46. f5+ 1-0